000 00592nam a2200229Ia 4500
005 20250508164106.0
008 008 250505s9999 xx 000 0 eng d
020 _a81-7808-854-1
037 _aReference
040 _aFEDL
_beng
_cFEDL
041 _aeng
_2eng
084 _a155.4, BER
_qFEDL
100 _aBerk Laura E
_9243561
245 0 _aChild development
250 _a6
260 _aDelhi, India
_bPearson Education
_c2003
300 _axxv,642p.
365 _aINR
_b425
650 _aChild psychology
942 _cREF
_h155.4, BER
999 _c1387011
_d1387011